000 00759nam a2200145 a 4500
008 120625s2011 ||||||||||||||||| || u
050 _aUN-ESCWA(02)
110 _aUnited Nations Economic and Social Commission for Western Asia (ESCWA)
245 1 0 _aForeign direct investment statistics in ESCWA member countries
_cby United Nations Economic and Social Commission for Western Asia [UN-ESCWA]
260 _aNew York:
_bUnited Nations Economic and Social Commission for Western Asia (UN-ESCWA)
_c2011
300 _aix, 37p.: ill.
500 _aBibliography
650 _aINVESTMENTS, FOREIGN--STATISTICS--ASIA, WESTERN
995 _FCBU-MAIN LIBRARY (Kitwe)
_M1
_UAVAILABLE
_WJun 26, 2012
_ZInternational Publications
999 _c43738
_d43738